Statistiche per Elenca la formazione - Finale UEFA Champions League 2011-2012

Clicka qui per fare il quiz!

Statistiche generali

  • Questo quiz è stato fatto 41 volte
  • Il punteggio medio è 14 su 24

Statistiche sulle risposte

RuoloNazioneCalciatore% Corretto
AttaccanteCosta d'AvorioDidier Drogba
100%
AlaPaesi BassiArjen Robben
97%
PortiereGermaniaManuel Neuer
97%
PortiereRepubblica CecaPetr Čech
97%
DifensoreGermaniaPhilipp Lahm
97%
AlaFranciaFranck Ribéry
95%
CentrocampistaInghilterraFrank Lampard
86%
TrequartistaGermaniaThomas Müller
86%
AttaccanteGermaniaMario Gómez
84%
DifensoreInghilterraAshley Cole
76%
DifensoreGermaniaJérôme Boateng
73%
CentrocampistaGermaniaToni Kroos
68%
CentrocampistaGermaniaBastian Schweinsteiger
65%
TrequartistaSpagnaJuan Manuel Mata
59%
CentrocampistaNigeriaMikel John Obi
54%
DifensoreInghilterraGary Cahill
46%
DifensorePortogalloJosé Bosingwa
38%
AlaCosta d'AvorioSalomon Kalou
38%
DifensoreUcrainaAnatoliy Tymoshchuk
14%
DifensorePortogalloDavid Luiz
11%
DifensoreGermaniaDiego Contento
11%
AlaInghilterraRyan Bertrand
11%
Bayern MonacoBayern MonacoBayern Monaco
0%
ChelseaChelseaChelsea
0%

Distribuzione punteggi

Percentile per numero di risposta

Percentuale di utenti per punteggio

I tuoi punteggi nel tempo

Non hai fatto questo quiz